Personalized risk assessment and premium calculation / (Record no. 234619)

MARC details
000 -LEADER
fixed length control field 00511nam a22001697a 4500
003 - CONTROL NUMBER IDENTIFIER
control field OSt
005 - DATE AND TIME OF LATEST TRANSACTION
control field 20250711142046.0
008 - FIXED-LENGTH DATA ELEMENTS--GENERAL INFORMATION
fixed length control field 250711b |||||||| |||| 00| 0 eng d
040 ## - CATALOGING SOURCE
Transcribing agency AIMIT LIBRARY
100 ## - MAIN ENTRY--PERSONAL NAME
Personal name T, Shreya.
Relator term 222120
9 (RLIN) 218292
245 ## - TITLE STATEMENT
Title Personalized risk assessment and premium calculation /
Statement of responsibility, etc. By Shreya T.
260 ## - PUBLICATION, DISTRIBUTION, ETC.
Place of publication, distribution, etc. Mangalore ;
Date of publication, distribution, etc. 2024
700 ## - ADDED ENTRY--PERSONAL NAME
Personal name Pinto, Jeevan.
Relator term Mentor
9 (RLIN) 218293
700 ## - ADDED ENTRY--PERSONAL NAME
Personal name Shelke, Pranav.
Relator term Guide
9 (RLIN) 218294
856 ## - ELECTRONIC LOCATION AND ACCESS
Materials specified CMS Computers
Uniform Resource Identifier <a href="www.cms.co.in">www.cms.co.in</a>
942 ## - ADDED ENTRY ELEMENTS (KOHA)
Source of classification or shelving scheme Dewey Decimal Classification
Koha item type Project Report
Holdings
Withdrawn status Lost status Source of classification or shelving scheme Damaged status Not for loan Collection code Home library Current library Date acquired Total Checkouts Barcode Date last seen Copy number Uniform Resource Identifier Price effective from Koha item type
    Dewey Decimal Classification   Not for loan Project Report M.Sc. Data Science St Aloysius Institute of Management & Information Technology St Aloysius Institute of Management & Information Technology 07/30/2024   PDS00020 07/11/2025 222120 www.cms.co.in 07/11/2025 Project Report